000
00296nam a22001337a 4500
008
170614b xxu||||| |||| 00| 0 eng d
020
_a
0136816444
041
_a
eng
080
_2
4TH
_a
323
100
_a
19
101
_a
SHP
245
_a
POLITICAL ISSUES DEBATED
_c
LEVINE,H.M
942
_2
udc
_c
BK
999
_c
17287
_d
17287